| 000 | 00806nam a2200253Ia 4500 | ||
|---|---|---|---|
| 003 | OSt | ||
| 005 | 20220925194948.0 | ||
| 006 | a|||||r|||| 00| 0 | ||
| 007 | ta | ||
| 008 | 220923b |||||||| |||| 00| 0 eng d | ||
| 037 | _cGeneral Book | ||
| 040 |
_aRTL _cRTL _beng |
||
| 041 |
_2eng _aeng |
||
| 082 | _aX9(J:7).23631.N6t4, K5/GD | ||
| 110 | _aPUNJAB, ECONOMIC INQUIRY (Board of-). | ||
| 245 | 0 | _aReport on cropping pattern of hissar district | |
| 260 |
_aChandigarh _bGovt Press India _c1965 |
||
| 490 | _aIts publicaiton, 109 | ||
| 500 | _aEconomic and statistical organisation Punjab publicaiton | ||
| 650 | _aSoil Industry | ||
| 700 | _aPUNJAB, ECONOMIC INQUIRY (Board of-). | ||
| 942 |
_hX9(J:7).23631.N6t4, K5/GD _cGB _2CC |
||
| 999 |
_c531369 _d531369 |
||